Burger inspired by Marvel characters - Statistics

General Stats
  • This quiz has been taken 41 times
  • The average score is 8 of 11
Answer Stats
Picture Answer % Correct
Loki
100%
Spider-man
94%
Hulk
87%
Captain America
74%
Iron man
74%
Doctor Strange
71%
Thor
65%
Scarlet Witch
61%
Black Widow
55%
Hawkeye
55%
Black Panther
52%
No matching quizzes found
Score Distribution
Percent of People with Each Score
Percentile by Number Answered
Your Score History
You have not taken this quiz